1226 1076 1474 1441 1078 1105 1081 1603 1218 1435 1431 1886 1217 1634 1505 1002 1140 1081 1873 1936 1635 1871 1461 1393 1351 1005 1038 1954 1153 1822 1933 1389 1903 1687 1994 1726 1664 1345 1070 1805 1567 1205 1701 1861 1746 1513 1506 1751 1373 1182 1060 1995 1505 1849 1077 1998 1463 1250 1361 1018 1793 1785 1433 1706 1974 1171 1797 1758 1505 1877 1260 1227 1077 1888 1587 1545 1437 1678 1866 1676 1272 1873 1013 1370 1236 1101 1122 1219 1806 1638 1012 1773 1514 1319 1834 1218 1843 1174 1721 BCNSPRNW ULIB Ver.6.0+V

เปลี่ยนเป็นภาษาไทย

Change to English
 แสดงรายละเอียดบรรณานุกรม
  กลับหน้าหลัก

Brief Record : Get Marc (ISO 2709) : E-mail record : QR code < ปิดหน้าต่าง
LEADER : 00000nam 2200000uu 4500
001    13399112334
003     ULIB
008    110627s2553||||th 000 0 tha d
020    9786165010054
090    นว.^bห481ร 2553
100 0  หัสบรรณ
245 00 รักนี้...โบกี้สุดท้าย/^cหัสบรรณ
250    พิมพ์ครั้งที่ 1
260    กรุงเทพฯ :^bPrincess,^c2553
300    256 หน้า
710 1  Princess
945    ^p180^l0^i030394
995    ทศพร
999 ^a ใช้งานได้ทุกระบบ
รายการนี้ยังไม่มีแท็ก
คุณยังไม่ได้ล็อกอิน คุณสามารถมีกิจกรรมร่วมกับเว็บไซต์ได้ แต่ต้องล็อกอินก่อน ::
  ล็อกอิน

รายการสื่อสารสนเทศ

ลำดับที่ ประเภท เลขเรียก/บาร์โค้ด สถานที่ สถานะ
- ไม่พบข้อมูล -

รายการใกล้เคียง
    ผู้แต่ง [หัสบรรณ]

BibComment


ยังไม่เคยถูกคอมเมนท์

คอมเมนท์ทรัพยากรรายการนี้
  คอมเมนท์: รักนี้โบกี้สุดท้า..


 Copyright 2026. Bcnsprnw @Library